00482 a2200157 4500010001400000020002300014035001300037037001500050082001000065100001800075245004400093260005300137270006000190300002400250500005000274 aENG-88321 c575.00a8121511763 aEN-71854 bDBAD / PUB14a510.1 aBurde, Jayant1 aPhilosophy of numbers/cby Jayant Burde aNew DelhibMunshiram Manoharlal Publishersc2007 aPost Box 5715, 54 Rani Jhansi Road,bNew Delhie110 055 ax, 251p.c22cm (Hb) aIncludes bibliographical references and index